TOP 100 POLSKI RAP / TRAP! - WYDANE W: WAKACJE 2021 - Statystyki

Ogólne statystyki
  • Ten quiz został rozwiązany 96 razy
  • Średni wynik to 8 z 100
Statystyki odpowiedzi
# utwór % Poprawnych
2 La la la (oh oh)
56%
8 Booker (baw się)
50%
3 Jungle Girl
37%
7 KRÓL BALU
29%
78 Oh Oh (lalala)
29%
6 Duże Oczy
27%
24 POGO
21%
11 SEN
19%
4 Drobna zabawa
17%
33 Szyby
17%
28 Z Bratem Zarabiam Papier
17%
41 Artysta z ASP
15%
45 COCO
15%
1 NAPAD NA BANK
15%
9 Bourbon
14%
17 puff puff
14%
12 SZLAFROKI
14%
37 DO FURY
13%
46 Ekstremalne sporty
13%
22 GANG 2
13%
26 Kingda Ka
13%
29 BUTLA
12%
23 NA ZAJAWCE
12%
35 INFLUENCER PARTY HARD
11%
34 UŚMIECH
11%
5 DOBRY MOOD
10%
13 Ja To Tak Czuje
10%
27 JEDEN WERS
10%
58 jetpack (lecymy)
10%
39 SELFMADE
10%
15 Benz-Dealer
8%
36 krowa
8%
53 LATO
8%
43 TWOJE ZDROWIE
8%
42 Vibe
8%
31 Głosy w Głowie
7%
10 STRINGI
7%
20 Znowu wieje wiatr
7%
14 GLOW UP
6%
30 KAMIKADZE
6%
60 Kokaina
5%
80 Lugia
5%
63 Palm Angels
5%
59 71
4%
50 Czarne BMW
4%
61 Deweloper
4%
90 Dziecko
4%
16 HABIBI
4%
82 Kłopot
4%
74 La Linea
4%
55 Mem
4%
40 ZEW
4%
18 Activa
2%
89 Alma Mater
2%
76 BBS
2%
92 Bohaterowie podwórek
2%
79 Bratushka
2%
88 Detergent
2%
51 Faceci W Czerni
2%
21 GŁOŚNO
2%
81 Harry Osborn
2%
73 Inny Świat
2%
66 Koniec
2%
68 KUBAŃCZYK
2%
57 List do K.
2%
52 Makieta
2%
69 Mam tylko
2%
25 Marylin Monroe
2%
94 Miraż
2%
65 Nadbagaż
2%
54 Nie bierz (ze mnie przykładu)
2%
86 nigdy więcej
2%
47 Onami
2%
64 Pierwszy Raz
2%
83 Rollercoaster
2%
49 Śmierć w Chorwacji
2%
91 Testament
2%
97 THC
2%
84 widzisz mnie?
2%
87 20 To Już Nie 04
1%
96 Bez trakcji
1%
77 CIUCHY I AUTA
1%
70 CRIMINAL
1%
85 FORTNITE
1%
71 Forza
1%
19 Gdybyś stracił wszystko
1%
44 Jeśli masz
1%
38 Ludzka przypadłość
1%
56 NARCO TAXI
1%
32 Obudź się
1%
95 Raport z osiedla
1%
100 Różowy Pył
1%
48 Sam sobie sterem
1%
99 TROPICAL ISLAND
1%
67 Wiem dlaczego bloki płaczą
1%
72 Wstawaj
1%
75 Życie które znam
1%
93 CARTEL
0%
62 вне общества
0%
98 Sinpapeles
0%
Nie znaleziono quizów pasujących do podanych kryteriów
Rozkład punktacji
Procent ludzi z każdym wynikiem
Percentyl według liczby udzielonych odpowiedzi
Twoja historia wyników
Nie rozwiązałeś tego quizu